000
00298nam a22001331a 4500
082
_a
M3
_b
NAL
245
_a
Nalal naluvazhi/
260
_a
_b
_c
300
_a
114p
650
_a
Novel Malayalam
_9
111578
650
_a
Literature Malayalam
_9
111579
650
_a
Literature
_9
111580
942
_c
BK
999
_c
30326
_d
30326